Musical Theatre Characters - Statistics

General Stats
  • This quiz has been taken 42 times
  • The average score is 4 of 14
Answer Stats
Question Answer % Correct
Roger Davis Rent
63%
Alfie Byrne A Man of no Importance
48%
Meg Giry The Phantom of the Opera
45%
Vicki Vickers A Chorus Line
43%
Artie Green Sunset Boulevard
40%
Bernadette Bassenger Priscilla Queen of the Desert
38%
Chris Scott Miss Saigon
25%
Bloody Mary South Pacific
25%
Jonas Candide The Fields of Ambrosia
25%
Grace O'Malley The Pirate Queen
23%
Peter Van Daan Yours Anne
23%
Bill Snibson Me and My Girl
20%
Monsieur D'Arque Beauty and the Beast
15%
Bobby Child Crazy for You
10%
No matching quizzes found
Score Distribution
Percent of People with Each Score
Percentile by Number Answered
Your Score History
You have not taken this quiz